THE HISTORY OF THE Peloponnesian War / (Record no. 44454)
[ view plain ]
| 000 -LEADER | |
|---|---|
| fixed length control field | 01703nam a22002177a 4500 |
| 003 - CONTROL NUMBER IDENTIFIER | |
| control field | CUTN |
| 005 - DATE AND TIME OF LATEST TRANSACTION | |
| control field | 20250529145703.0 |
| 008 - FIXED-LENGTH DATA ELEMENTS--GENERAL INFORMATION | |
| fixed length control field | 250529b |||||||| |||| 00| 0 eng d |
| 020 ## - INTERNATIONAL STANDARD BOOK NUMBER | |
| International Standard Book Number | 9789387867802 |
| 041 ## - LANGUAGE CODE | |
| Language | English |
| 082 ## - DEWEY DECIMAL CLASSIFICATION NUMBER | |
| Edition number | 23 |
| Classification number | 938.05 |
| Item number | THU |
| 100 ## - MAIN ENTRY--PERSONAL NAME | |
| Personal name | Thucydides |
| 245 ## - TITLE STATEMENT | |
| Title | THE HISTORY OF THE Peloponnesian War / |
| Statement of responsibility, etc | Thucydides |
| 260 ## - PUBLICATION, DISTRIBUTION, ETC. (IMPRINT) | |
| Place of publication, distribution, etc | New Delhi : |
| Name of publisher, distributor, etc | Maven Books, |
| Date of publication, distribution, etc | 2023. |
| 300 ## - PHYSICAL DESCRIPTION | |
| Extent | 297 p. : |
| Other physical details | Ill. ; |
| Dimensions | 24 cm |
| 520 ## - SUMMARY, ETC. | |
| Summary, etc | Written four hundred years before the birth of Christ, this detailed contemporary account of the struggle between Athens and Sparta stands an excellent chance of fulfilling the author's ambitious claim that the work "was done to last forever." The conflicts between the two empires over shipping, trade, and colonial expansion came to a head in 431 b.c. in Northern Greece, and the entire Greek world was plunged into 27 years of war. Thucydides applied a passion for accuracy and a contempt for myth and romance in compiling this exhaustively factual record of the disastrous conflict that eventually ended the Athenian empire.For more than seventy years, Penguin has been the leading publisher of classic literature in the English-speaking world. With more than 1,700 titles, Penguin Classics represents a global bookshelf of the best works throughout history and across genres and disciplines. Readers trust the series to provide authoritative texts enhanced by introductions and notes by distinguished scholars and contemporary authors, as well as up-to-date translations by award-winning translators. |
| 650 ## - SUBJECT ADDED ENTRY--TOPICAL TERM | |
| Topical term or geographic name as entry element | Greece History Peloponnesian War |
| 650 ## - SUBJECT ADDED ENTRY--TOPICAL TERM | |
| Topical term or geographic name as entry element | HISTORY Ancient Greece History |
| 650 ## - SUBJECT ADDED ENTRY--TOPICAL TERM | |
| Topical term or geographic name as entry element | Grece Histoire |
| 942 ## - ADDED ENTRY ELEMENTS (KOHA) | |
| Source of classification or shelving scheme | Dewey Decimal Classification |
| Koha item type | General Books |
| Withdrawn status | Lost status | Source of classification or shelving scheme | Damaged status | Not for loan | Collection code | Home library | Location | Shelving location | Date of Cataloging | Total Checkouts | Full call number | Barcode | Date last seen | Price effective from | Koha item type |
|---|---|---|---|---|---|---|---|---|---|---|---|---|---|---|---|
| Dewey Decimal Classification | Non-fiction | CUTN Central Library | CUTN Central Library | History & Geography | 29/05/2025 | 938.05 THU | 51858 | 29/05/2025 | 29/05/2025 | General Books |
